Nordschleife - Lets race! - Statistiken

Allgemein
  • Dieses Quiz wurde 90 mal gespielt
  • Das Durchschnittsergebnis liegt bei 18 aus 37
Antwortstatistiken
Antwort % Korrekt
Caracciola Karussell
78%
Döttinger Höhe
78%
Flugplatz
78%
Fuchsröhre
72%
Hatzenbach
72%
Brünnchen
69%
Hohe Acht
66%
Schwalbenschwanz
66%
Bergwerk
63%
Pflanzgarten
63%
Schwedenkreuz
63%
Wehrseifen
59%
Adenauer Forst
56%
Galgenkopf
56%
Exmühle
53%
Aremberg
50%
Mutkurve
50%
Tiergarten
50%
Eiskurve
47%
Kesselchen
44%
Quiddelbacher Höhe
44%
Stefan-Bellof-S
44%
Steilstrecke
44%
kleines Karussell
41%
Klostertal
41%
Antoniusbuche
38%
Metzgesfeld
38%
Wippermann
38%
Kallenhard
34%
Breitscheid
31%
Hohenrain
28%
Hedwigshöhe
25%
Poststraße
25%
Eschbach
19%
Sprunghügel
19%
Hoheneichen
16%
Kottenborn
13%
Keine übereinstimmenden Quizze gefunden
Verteilung der Resultate
Anzahl Personen mit jedem Resultat
Perzentil nach korrekt beantworteten Fragen
Ihre Resultats-Entwicklung
Sie haben dieses Quiz noch nicht gespielt